000 00432nam a2200181Ia 4500
005 20240823043731.0
008 240823s9999||||xx |||||||||||||| ||und||
041 _aENGLISH
082 _A822.33 L7
100 _aChaudhuri B P
245 0 _aWilliam Shakespeare Much Ado About Nothing
250 _a1st
260 _c1977
_bAarti Book C
500 _aTRANSFERED
650 _aGeneral
_bGeneral
942 _cBK
999 _c210915
_d210915